| 000 | 01814nam a22003854a 4500 | ||
|---|---|---|---|
| 001 | ebr10237215 | ||
| 003 | CaPaEBR | ||
| 006 | m u | ||
| 007 | cr cn||||||||| | ||
| 008 | 080321s2008 dcua sb i001 0 eng | ||
| 010 | _z 2008013282 | ||
| 020 | _z9780821375440 (alk. paper) | ||
| 020 | _z0821375385 (alk. paper) | ||
| 040 |
_aCaPaEBR _cCaPaEBR |
||
| 035 | _a(OCoLC)248013766 | ||
| 043 | _afb----- | ||
| 050 | 1 | 4 |
_aRC606.7 _b.L86 2008eb |
| 082 | 0 | 4 |
_a362.196/9188061 _222 |
| 100 | 1 |
_aOsewe, Patrick L. _q(Patrick Lumumba) |
|
| 245 | 1 | 0 |
_aImproving access to HIV/AIDS medicines in Africa _h[electronic resource] : _bTrade-Related Aspects of Intellectual Property Rights (TRIPS) flexibilities utilization / _cPatrick Lumumba Osewe, Yvonne Korkoi Nkrumah, Emmanuel Sackey. |
| 260 |
_aWashington, DC : _bWorld Bank, _cc2008. |
||
| 300 |
_axv, 65 p. : _bill. |
||
| 504 | _aIncludes bibliographical references (p. 57-60) and index. | ||
| 505 | 0 | _aOverview of the TRIPS agreement and flexibilities -- Local production: experiences in four African countries -- Conclusions and recommendations. | |
| 533 |
_aElectronic reproduction. _bPalo Alto, Calif. : _cebrary, _d2013. _nAvailable via World Wide Web. _nAccess may be limited to ebrary affiliated libraries. |
||
| 630 | 0 | 0 |
_aAgreement on Trade-Related Aspects of Intellectual Property Rights _d(1994) |
| 650 | 0 |
_aAntiretroviral agents _zAfrica, Sub-Saharan. |
|
| 650 | 0 |
_aAntiretroviral agents _zAfrica, Sub-Saharan _vPatents. |
|
| 655 | 7 |
_aElectronic books. _2local |
|
| 700 | 1 |
_aNkrumah, Yvonne K. _q(Yvonne Korkoi) |
|
| 700 | 1 | _aSackey, Emmanuel K. | |
| 710 | 2 | _aWorld Bank. | |
| 710 | 2 | _aebrary, Inc. | |
| 856 | 4 | 0 |
_uhttp://site.ebrary.com/lib/rucke/Doc?id=10237215 _zAn electronic book accessible through the World Wide Web; click to view |
| 999 |
_c37814 _d37814 |
||